| 000 | 00399 a2200157 4500 | ||
|---|---|---|---|
| 003 | OSt | ||
| 005 | 20180116182707.0 | ||
| 008 | 160526b xxu||||| |||| 00| 0 eng d | ||
| 040 | _c0 | ||
| 082 | _a891.423 KHA 1995 | ||
| 100 | _aKhalid Hasan | ||
| 245 |
_aFakhar Zaman's The Prisoner A Novel _cKhalid Hasan |
||
| 260 |
_aLahore _c1995 |
||
| 300 |
_a141 p. _bHB |
||
| 942 |
_aNBS _cBK _k891.423 KHA _2ddc |
||
| 999 |
_c344230 _d344230 |
||